000 00797nam a2200265Ia 4500
003 OSt
005 20221005035050.0
006 a|||||r|||| 00| 0
007 ta
008 221004b |||||||| |||| 00| 0 eng d
020 _a817871146X (hbk)
_c250
024 _a94603
037 _b457, 05/02/2009, Icon Publications Pvt.Ltd.
_cTextual
040 _aCRL
_cCRL
_beng
041 _2eng
_aeng
082 _aV2:51wM19, P8
100 _aYadav K. C. Ed.
245 0 _aMohammad Ali Khan
_b An autobiographical discourse
260 _aDelhi
_bHope India India
_c2008
300 _a79p.
_ccm.
490 _aHeroes of 1857
650 _aHISTORY
942 _hV2:51wM19, P8
_cTEXL
_2cc
999 _c944560
_d944560